00221nam a22000857a 4500008004100000082001700041245005400058260001400112300000900126230629b xxu||||| |||| 00| 0 eng d a346.052bCOM aReport of the Commission on the Law of Succession bGOKc1968 a167p